Signes astraux et métiers (click quiz) - Statistiques

Statistiques générales
  • Ce quiz a été pris 60 fois
  • Le résultat moyen est 2 sur 12
Statistiques - réponses
Hint Réponse % Correct
Gémeaux Humoriste
33%
Scorpion Militaire
26%
Balance Décorateur
24%
Vierge Comptable
21%
Lion Politicien
21%
Cancer Pédiatre
19%
Sagittaire Vétérinaire
17%
Poissons Astronome
14%
Capricorne Guide de haute montagne
14%
Bélier Cheminot
12%
Verseau Inventeur
12%
Taureau Kiné
5%
Aucun quiz correspondant
Distribution des résultats
% des personnes avec chaque résultat
Percentile par nombre de réponses
Votre historique - résultats
Vous n’avez pas pris ce quiz